000 00542nam a2200193Ia 4500
005 20250508151129.0
008 008 250505s9999 xx 000 0 eng d
020 _a81-88684-29-5
037 _aReference
040 _aFEDL
_beng
_cFEDL
041 _aeng
_2eng
084 _a370.1, JAC
_qFEDL
100 _aJacks M L
_9139657
245 0 _aTotal education: A plea for synthesis
260 _aLondon, UK
_bRoutledge and Kegan Paul Ltd
_c1950
300 _avii,160p.
942 _cREF
_h370.1, JAC
999 _c1327767
_d1327767